000 00589nam a2200169 i 4500
001 185148
003 ES-MaACL
005 20230906222346.0
008 160329s1876 sp |||| | spa d
100 1 _aJ. J. B.
_9159242
245 1 3 _aEl Ayuntamiento de Barcelona y los propietarios de terrenos de la Ciudadela :
_bmemoria /
_c[J.J.B.].
260 _aBarcelona :
_b[s.n.],
_c1876 (
_fImp. de Federico Martí y Cantó)
300 _a32 p. ;
_c23 cm.
594 _aAutor tomado de final de texto.
651 4 _aParque de la Ciudadela (Barcelona)
_9159243
852 _aES-MaACL
_jT-205-F-20
999 _c185148
_d185148